[Event "5. Meisterturnier Recklinghausen"]
[Site "Recklinghausen"]
[Date "1998.07.25"]
[Round "1"]
[White "Stefanova, Antoaneta"]
[Black "Henrichs, Thomas"]
[Result "1/2-1/2"]
[WhiteElo "2470"]
[BlackElo "2455"]
[PlyCount "78"]
[EventDate "1998.07.25"]

1. d4 Nf6 2. Nf3 e6 3. Bg5 h6 4. Bh4 c5 5. e3 cxd4 6. exd4 b6 7. Nbd2 Bb7 8.
Bd3 Be7 9. O-O d6 10. a4 a6 11. Qe2 O-O 12. c3 Nbd7 13. h3 Re8 14. Bg3 Bf8 15.
Ne4 Qc7 16. Rfe1 Nxe4 17. Bxe4 Bxe4 18. Qxe4 Nf6 19. Qd3 Rec8 20. Nd2 Qc6 21.
Ra2 {R} 21... d5 22. Rea1 Bd6 23. Bxd6 Qxd6 24. Ra3 Qc7 25. Re1 Ne8 26. Nf3 Nd6
27. Ne5 b5 28. axb5 axb5 29. Rea1 Rxa3 30. Rxa3 b4 31. Rb3 bxc3 32. Rxc3 Qb7
33. Qc2 Rxc3 34. Qxc3 Ne4 35. Qc2 Qb4 36. Qc8+ Kh7 37. Nxf7 Qxd4 38. Qxe6 Qxf2+
39. Kh2 Nd2 1/2-1/2

[Event "5. Meisterturnier Recklinghausen"]
[Site "Recklinghausen"]
[Date "1998.07.25"]
[Round "1"]
[White "Georgiev, Kiril"]
[Black "Alterman, Boris"]
[Result "1/2-1/2"]
[WhiteElo "2670"]
[BlackElo "2600"]
[PlyCount "104"]
[EventDate "1998.07.25"]

1. e4 e5 2. Bc4 Nf6 3. d3 c6 4. Nf3 d5 5. Bb3 Bd6 6. Nc3 dxe4 7. Ng5 O-O 8.
Ncxe4 Nxe4 9. Nxe4 Bf5 10. Qf3 Bg6 11. h4 Bxe4 12. dxe4 Nd7 13. c3 Nc5 14. Bc2
Qe7 15. Bg5 f6 16. Bd2 Kh8 17. O-O Ne6 18. g3 a5 19. a4 Rfd8 20. Rfd1 Bc5 21.
Qe2 Ba7 22. Kg2 Rd7 23. Be1 Rad8 24. Rxd7 Rxd7 25. Rd1 g6 26. Bd2 Kg7 27. Rh1
h5 28. Bc1 Rd6 29. Rd1 Qd7 30. Rf1 Qe7 31. Re1 Rd7 32. Rd1 Rd6 33. Rd3 Qd7 34.
Rxd6 Qxd6 35. Qc4 Qc5 36. Qxc5 Bxc5 37. Bb3 Kf7 38. f4 exf4 39. Bxf4 Ke7 40.
Bxe6 Kxe6 41. Bc7 b6 42. Bd8 f5 43. exf5+ gxf5 44. b4 axb4 45. cxb4 Bxb4 46.
Bxb6 c5 47. a5 Kd7 48. a6 Kc6 49. a7 Kb7 50. Kf3 c4 51. Ke2 Bd6 52. Bf2 f4
1/2-1/2

[Event "5. Meisterturnier Recklinghausen"]
[Site "Recklinghausen"]
[Date "1998.07.25"]
[Round "1"]
[White "Mainka, Romuald"]
[Black "Luther, Thomas"]
[Result "1/2-1/2"]
[WhiteElo "2480"]
[BlackElo "2560"]
[PlyCount "57"]
[EventDate "1998.07.25"]

1. e4 e6 2. d4 d5 3. Nd2 dxe4 4. Nxe4 Nd7 5. Nf3 Ngf6 6. Nxf6+ Nxf6 7. c3 c5 8.
Be3 cxd4 9. Bxd4 Be7 10. Bd3 O-O 11. Qd2 Qd5 12. O-O-O Qxa2 13. Rhe1 Rd8 14.
Bb1 Qa1 15. Ne5 a5 16. Qc2 g6 17. c4 Bd7 18. Bc3 Be8 19. Qe2 b5 20. Qf3 b4 21.
Nxg6 hxg6 22. Bxf6 Bc6 23. Qf4 Rxd1+ 24. Rxd1 Bxf6 25. Qxf6 a4 26. Rd8+ Rxd8
27. Qxd8+ Kg7 28. Qd4+ Kg8 29. Qd8+ 1/2-1/2

[Event "5. Meisterturnier Recklinghausen"]
[Site "Recklinghausen"]
[Date "1998.07.26"]
[Round "2"]
[White "Henrichs, Thomas"]
[Black "Luther, Thomas"]
[Result "0-1"]
[WhiteElo "2455"]
[BlackElo "2560"]
[PlyCount "80"]
[EventDate "1998.07.25"]

1. Nf3 d5 2. c4 d4 3. g3 g6 4. Bg2 Bg7 5. O-O e5 6. d3 Ne7 7. b4 O-O 8. Nbd2 h6
9. Nb3 g5 10. a4 Ng6 11. Ne1 Nc6 12. b5 Nce7 13. a5 Rb8 14. Nc2 c6 15. Nb4 cxb5
16. cxb5 Qd7 17. b6 axb6 18. Bd2 bxa5 19. Nxa5 Qb5 20. Nc4 Bg4 21. Ra5 Qd7 22.
Nd5 b5 23. Ncb6 Qd8 24. Ra6 Nxd5 25. Nxd5 Ne7 26. Nb4 Qd7 27. f4 exf4 28. gxf4
Bh3 29. Bxh3 Qxh3 30. Rf3 Qh5 31. fxg5 hxg5 32. Ra7 Ng6 33. Qf1 Be5 34. Rh3
Qg4+ 35. Kh1 Ra8 36. Rb7 Ra1 37. Qxa1 Qxh3 38. Qg1 Ra8 39. Nc2 Ra2 40. Qf2 Qe6
0-1

[Event "5. Meisterturnier Recklinghausen"]
[Site "Recklinghausen"]
[Date "1998.07.26"]
[Round "2"]
[White "Alterman, Boris"]
[Black "Mainka, Romuald"]
[Result "1-0"]
[WhiteElo "2600"]
[BlackElo "2480"]
[PlyCount "73"]
[EventDate "1998.07.25"]

1. d4 f5 2. Nf3 d6 3. g3 Nf6 4. Bg2 g6 5. c4 Bg7 6. O-O O-O 7. Nc3 Qe8 8. d5 a5
9. Rb1 Na6 10. b3 Bd7 11. Bb2 Nc5 12. a3 c6 13. b4 axb4 14. axb4 Na6 15. dxc6
bxc6 16. c5 dxc5 17. bxc5 Nxc5 18. Ne5 Qc8 19. Qc2 Be8 20. Rfc1 Kh8 21. Nd1
Nce4 22. Nxc6 Qe6 23. Nd4 Qf7 24. Ne3 Ra2 25. Ra1 e5 26. Nf3 Nxf2 27. Nxe5 Qa7
28. Rxa2 Qxe3 29. Qc5 Qb3 30. Qa3 Qb6 31. e3 N2e4 32. Bd4 Qe6 33. Rb2 h5 34.
Rb6 Qd5 35. Rc7 Bh6 36. Qe7 Kg8 37. Rxf6 1-0

[Event "5. Meisterturnier Recklinghausen"]
[Site "Recklinghausen"]
[Date "1998.07.26"]
[Round "2"]
[White "Nenashev, Alexander"]
[Black "Georgiev, Kiril"]
[Result "1-0"]
[WhiteElo "2625"]
[BlackElo "2670"]
[PlyCount "79"]
[EventDate "1998.07.25"]

1. d4 Nf6 2. c4 c5 3. d5 b5 4. cxb5 a6 5. bxa6 Bxa6 6. Nc3 d6 7. e4 Bxf1 8.
Kxf1 g6 9. Nf3 Bg7 10. h3 O-O 11. Kg1 Nbd7 12. Kh2 Qa5 13. Re1 Rfb8 14. Re2 Ne8
15. Rc2 Qa6 16. Bd2 Ne5 17. Nxe5 Bxe5+ 18. f4 Bg7 19. Qf3 Rb4 20. Re1 Rd4 21.
Re3 Rb4 22. b3 Nc7 23. Ne2 Rb7 24. Bc3 Nb5 25. Bxg7 Kxg7 26. f5 c4 27. Qg3 Na3
28. Rc1 cxb3 29. axb3 Nb5 30. Nf4 Nd4 31. f6+ exf6 32. Nh5+ Kf8 33. Nxf6 Ne2
34. Rxe2 Qxe2 35. Qxd6+ Kg7 36. Qe5 Qd2 37. Rc3 h5 38. Ne8+ Kf8 39. Nd6 Rd7 40.
Rc8+ (40... Rxc8 41. Qh8+ Ke7 42. Nxc8#) 1-0

[Event "5. Meisterturnier Recklinghausen"]
[Site "Recklinghausen"]
[Date "1998.07.26"]
[Round "2"]
[White "Siegel, Georg"]
[Black "Pinter, Jozsef"]
[Result "0-1"]
[WhiteElo "2495"]
[BlackElo "2595"]
[PlyCount "60"]
[EventDate "1998.07.25"]

1. d4 Nf6 2. c4 e6 3. Nf3 d5 4. Nc3 c6 5. e3 Nbd7 6. Qc2 Bd6 7. Be2 O-O 8. b3
Re8 9. Bb2 Qe7 10. O-O b6 11. e4 Nxe4 12. Nxe4 dxe4 13. Qxe4 Bb7 14. Bd3 f5 15.
Qe3 c5 16. Rfe1 (16. Rad1) 16... Bxf3 17. Qxf3 cxd4 18. Bxf5 Ne5 19. Rxe5 Bxe5
20. Bxh7+ Kxh7 21. Qh5+ Kg8 22. Qxe5 d3 23. Rd1 Rad8 24. Qc3 e5 25. Rxd3 e4 26.
Rxd8 Rxd8 27. g3 Rd3 28. Qe5 (28. Qe1) 28... Qxe5 29. Bxe5 Rd1+ 30. Kg2 Rd2 0-1

[Event "5. Meisterturnier Recklinghausen"]
[Site "Recklinghausen"]
[Date "1998.07.27"]
[Round "3"]
[White "Mainka, Romuald"]
[Black "Nenashev, Alexander"]
[Result "1/2-1/2"]
[WhiteElo "2480"]
[BlackElo "2625"]
[PlyCount "108"]
[EventDate "1998.07.25"]

1. e4 e5 2. Nf3 Nc6 3. Bc4 Nf6 4. d3 Be7 5. O-O O-O 6. Re1 d6 7. a4 Be6 8. a5
a6 9. Nbd2 Qd7 10. c3 Rae8 11. Bb3 Bxb3 12. Qxb3 Nd8 13. Nf1 Ne6 14. Ng3 Nc5
15. Qd1 Qb5 16. c4 Qb3 17. Ra3 Qxd1 18. Rxd1 Nfd7 19. Be3 Bf6 20. h3 g6 21. Bh6
Bg7 22. Bxg7 Kxg7 23. b4 Ne6 24. d4 exd4 25. Nxd4 Nxd4 26. Rxd4 Ne5 27. Rb3 Re7
28. f4 Nc6 29. Rd5 Rfe8 30. Kh2 h5 31. h4 Rxe4 32. Nxe4 Rxe4 33. c5 Nd4 34.
cxd6 cxd6 35. Rd3 Nf5 36. b5 Rxf4 37. g3 Rf2+ 38. Kg1 Rc2 39. b6 Kf6 40. Ra3
Ke6 41. Rdd3 d5 42. Rdc3 Re2 43. Rc7 Nd6 44. Kf1 Re5 45. Ra1 d4 46. Re1 Ne4 47.
Rxb7 Nxg3+ 48. Kf2 Ne4+ 49. Kg2 d3 50. Rb8 d2 51. Rd1 Rb5 52. Re8+ Kd5 53. Kf3
Rb3+ 54. Kf4 54... Rb4 {Unleserlich, Rest wird spaeter nachgeliefert} 1/2-1/2

[Event "5. Meisterturnier Recklinghausen"]
[Site "Recklinghausen"]
[Date "1998.07.27"]
[Round "3"]
[White "Georgiev, Kiril"]
[Black "Siegel, Georg"]
[Result "1/2-1/2"]
[WhiteElo "2670"]
[BlackElo "2495"]
[PlyCount "120"]
[EventDate "1998.07.25"]

1. d4 d5 2. c4 e6 3. Nc3 Be7 4. Bf4 Nf6 5. e3 O-O 6. Rc1 c5 7. dxc5 Bxc5 8. Nf3
Nc6 9. a3 Be7 10. cxd5 Nxd5 11. Nxd5 exd5 12. Bd3 Bf6 13. O-O Bg4 14. b4 Re8
15. Bb1 d4 16. h3 Bh5 17. Rc5 Bg6 18. Qb3 dxe3 19. Bxe3 Ne5 20. Nd4 Re7 21. Ne2
Rd7 22. Nf4 Bxb1 23. Rxb1 Nd3 24. Nxd3 Rxd3 25. Qc4 a6 26. Rc1 Rd1+ 27. Kh2
Rxc1 28. Bxc1 Qe8 29. Bf4 Rd8 30. Bg3 h6 31. Qg4 Qd7 32. Qf3 Rc8 33. Rd5 Qe7
34. Rd3 Be5 35. Qg4 Rc7 36. Re3 Bxg3+ 37. Qxg3 Qd8 38. Qe5 Rd7 39. Rg3 g6 40.
Rc3 Kh7 41. g3 Qh8 42. Qe3 Qf6 43. Kg2 Qf5 44. h4 h5 45. Qe2 Qd5+ 46. Kh2 Qd2
47. Qf3 Kg7 48. Re3 Rd6 49. Re2 Qd3 50. Re3 Qd2 51. Kg2 Rf6 52. Qe2 Qxe2 53.
Rxe2 Rf5 54. Re7 Rb5 55. Kf3 Kf6 56. Rc7 a5 57. Rc4 axb4 58. axb4 Re5 59. Rc7
Rb5 60. Rc4 Re5 1/2-1/2

[Event "5. Meisterturnier Recklinghausen"]
[Site "Recklinghausen"]
[Date "1998.07.27"]
[Round "3"]
[White "Luther, Thomas"]
[Black "Alterman, Boris"]
[Result "1/2-1/2"]
[WhiteElo "2560"]
[BlackElo "2600"]
[PlyCount "50"]
[EventDate "1998.07.25"]

1. e4 e5 2. Nf3 Nf6 3. d4 Nxe4 4. Bd3 d5 5. Nxe5 Nd7 6. Nxd7 Bxd7 7. O-O Bd6 8.
c4 c6 9. cxd5 cxd5 10. Qh5 O-O 11. Qxd5 Bc6 12. Qh5 g6 13. Qh3 Ng5 14. Bxg5
Qxg5 15. Nc3 Rae8 16. Rad1 Re7 17. d5 Bd7 18. Ne4 Rxe4 19. Qxd7 Rd8 20. Qxd8+
Qxd8 21. Bxe4 Qf6 22. g3 Qxb2 23. Rb1 Qd4 24. Bf3 b6 25. Rbc1 Bc5 1/2-1/2

[Event "5. Meisterturnier Recklinghausen"]
[Site "Recklinghausen"]
[Date "1998.07.28"]
[Round "4"]
[White "Siegel, Georg"]
[Black "Mainka, Romuald"]
[Result "1-0"]
[WhiteElo "2495"]
[BlackElo "2480"]
[PlyCount "97"]
[EventDate "1998.07.25"]

1. Nf3 d6 2. g3 e5 3. Bg2 f5 4. c4 Nf6 5. Nc3 Be7 6. O-O O-O 7. d4 e4 8. Ng5 c6
9. d5 Ng4 10. Nh3 Na6 11. Kh1 Ne5 12. b3 Bf6 13. Bb2 Kh8 14. Qd2 Nc5 15. Rad1
Qb6 16. Ba1 Bd7 17. dxc6 bxc6 18. Qxd6 Rae8 19. Nf4 Bc8 20. Qd2 Ng4 21. e3 Be5
22. Nce2 Bxa1 23. Rxa1 Rd8 24. Qc3 Nd3 25. Kg1 c5 26. h3 Nge5 27. Nxd3 Nxd3 28.
Rad1 Rde8 29. Nf4 Ne5 30. Rd5 Qf6 31. Rc1 Qe7 32. Rcd1 Bb7 33. R5d2 g5 34. Kh1
Kg8 35. Ne2 Nd3 36. Nc1 Ne5 37. Ne2 Nd3 38. Kg1 Rf7 39. a3 f4 40. exf4 gxf4 41.
Nxf4 Nxf4 42. gxf4 Rg7 43. Qe3 h6 44. Rd6 Rf8 45. Rxh6 Rf5 46. Rdd6 Qf8 47.
Rhg6 Rxg6 48. Rxg6+ Kh7 49. Rg4 1-0

[Event "5. Meisterturnier Recklinghausen"]
[Site "Recklinghausen"]
[Date "1998.07.28"]
[Round "4"]
[White "Kachiani-Gersinska, Ketino"]
[Black "Pinter, Jozsef"]
[Result "1/2-1/2"]
[WhiteElo "2420"]
[BlackElo "2595"]
[PlyCount "185"]
[EventDate "1998.07.25"]

1. d4 Nf6 2. c4 e6 3. g3 c5 4. d5 exd5 5. cxd5 d6 6. Nc3 g6 7. Bg2 Bg7 8. Nf3
O-O 9. O-O a6 10. a4 Nbd7 11. Bf4 Qe7 12. h3 Rb8 13. Rb1 c4 14. b4 cxb3 15.
Rxb3 h6 16. Qc1 g5 17. Qe3 Qxe3 18. Bxe3 Re8 19. Ba7 Ra8 20. Bd4 Re7 21. a5 Ne8
22. Bxg7 Kxg7 23. h4 g4 24. Nd4 Nc5 25. Rb4 Rc7 26. Nd1 Re7 27. Ne3 Kh7 28. Rc1
Bd7 29. Rb6 Rc8 30. Nc4 Bb5 31. Nxd6 Nxd6 32. Rxd6 Bd7 33. e3 h5 34. Rb6 Ree8
35. Bf1 Kg7 36. Bg2 Na4 37. Rxc8 Bxc8 38. Rb4 Nc5 39. Rc4 Nd3 40. Rc7 Kf6 41.
d6 Rd8 42. d7 Bxd7 43. Bxb7 Nb4 44. Rc4 Nd3 45. Rc3 Ne5 46. Rb3 Nc4 47. Bxa6
Nxa5 48. Rb6+ Be6 49. Rb5 Rd5 50. Rxd5 Bxd5 51. Ne2 Be4 52. Kf1 Bg6 53. Bb5 Nb7
54. Nf4 Nc5 55. Bc6 Nd3 56. Nxd3 Bxd3+ 57. Ke1 Ke5 58. f4+ gxf3 59. Bxf3 Bg6
60. Kd2 f6 61. Kc3 Bf7 62. Kd3 Bg6+ 63. Ke2 Kd6 64. g4 hxg4 65. Bxg4 Ke7 66.
Kf3 Kf7 67. Kf4 Kg7 68. Bf5 Bh5 69. Ke4 Bf7 70. Bg4 Bb3 71. Kf5 Bc4 72. Bh5 Bb3
73. Be8 Bd5 74. Kf4 Kh6 75. Kf5 Kg7 76. Kg4 Be6+ 77. Kf4 Bd5 78. Kf5 Bg2 79.
Ke6 Be4 80. Ke7 Bc2 81. Bf7 Be4 82. Bh5 Bg2 83. Bg4 Be4 84. Be2 Bg2 85. Bd1 Be4
86. h5 Bg2 87. Bc2 Bf3 88. Bg6 Bg2 89. Ke6 Bf3 90. Be8 Be4 91. h6+ Kxh6 92.
Kxf6 Bg6 93. Bxg6 1/2-1/2

[Event "5. Meisterturnier Recklinghausen"]
[Site "Recklinghausen"]
[Date "1998.07.29"]
[Round "5"]
[White "Georgiev, Kiril"]
[Black "Kachiani-Gersinska, Ketino"]
[Result "1-0"]
[WhiteElo "2670"]
[BlackElo "2420"]
[PlyCount "99"]
[EventDate "1998.07.25"]

1. d4 Nf6 2. Nf3 g6 3. c3 Bg7 4. Bg5 c5 5. e3 Qb6 6. Qb3 d6 7. Nbd2 Be6 8. Bc4
Bxc4 9. Nxc4 Qxb3 10. axb3 Nbd7 11. dxc5 Nxc5 12. b4 Ncd7 13. Ke2 O-O 14. Rhd1
Rfc8 15. Nfd2 h6 16. Bh4 Kf8 17. Ra5 d5 18. Na3 a6 19. Ra1 e5 20. Bxf6 Nxf6 21.
Nf3 d4 22. exd4 exd4 23. Nxd4 Ne4 24. Nac2 Re8 25. Ne3 f5 26. g3 Bxd4 27. cxd4
Nd6 28. Rd5 Nb5 29. Rc1 Rad8 30. Rxd8 Rxd8 31. d5 Ke7 32. h4 Kf6 33. Kd3 Re8
34. f3 Rd8 35. Rc4 g5 36. h5 Re8 37. Rc5 Rd8 38. g4 fxg4 39. Nxg4+ Kg7 40. Ne3
Kf6 41. Rc4 Rd7 42. Re4 Nc7 43. Kc4 b6 44. Ng4+ Kg7 45. d6 Nb5 46. Re7+ Rxe7
47. dxe7 Kf7 48. Nxh6+ Kxe7 49. Kd5 a5 50. Nf5+ 1-0

[Event "5. Meisterturnier Recklinghausen"]
[Site "Recklinghausen"]
[Date "1998.07.29"]
[Round "5"]
[White "Mainka, Romuald"]
[Black "Stefanova, Antoanet"]
[Result "1/2-1/2"]
[WhiteElo "2480"]
[BlackElo "2470"]
[PlyCount "89"]
[EventDate "1998.07.25"]

1. e4 d5 2. exd5 Qxd5 3. Nc3 Qa5 4. d4 Nf6 5. Nf3 c6 6. Bc4 Bf5 7. Bd2 e6 8.
Nd5 Qd8 9. Nxf6+ gxf6 10. c3 Nd7 11. Qe2 Bd6 12. Nh4 Bg6 13. g3 Qc7 14. O-O
O-O-O 15. b4 f5 16. a4 f4 17. Ng2 Rdg8 18. Qf3 fxg3 19. fxg3 h5 20. Nh4 Bc2 21.
Qe2 Bxg3 22. hxg3 Qxg3+ 23. Ng2 h4 24. Bf4 Qg6 25. Rf3 Be4 26. Kh2 Nf6 27. Ne3
Bxf3 28. Qxf3 Ne4 29. Bd3 f5 30. Re1 Nxc3 31. b5 Ne4 32. bxc6 bxc6 33. Rb1 Kd8
34. Rb8+ Ke7 35. Rb7+ Ke8 36. Rb8+ Kd7 37. Nc4 Qg1+ 38. Kh3 38... Nf2+ {? in hoher Zeitnot} (
38... Rg3+ 39. Bxg3 Ng5#) 39. Qxf2 39... Qxf2 {?} (39... Qh1+ 40. Bh2 Rg3+ 41.
Qxg3 hxg3+ 42. Kxg3 Qxh2+ 43. Kf3 Rh3#) 40. Ne5+ 40... Ke7 {
? hiernach ist die Partie remis} 41. Rb7+ Ke8 42. Rb8+ Ke7 43. Rb7+ Kf8 44.
Rb8+ Ke7 45. Rb7+ 1/2-1/2

[Event "5. Meisterturnier Recklinghausen"]
[Site "Recklinghausen"]
[Date "1998.07.29"]
[Round "5"]
[White "Luther, Thomas"]
[Black "Siegel, Georg"]
[Result "1/2-1/2"]
[WhiteElo "2560"]
[BlackElo "2495"]
[PlyCount "80"]
[EventDate "1998.07.25"]

1. e4 d5 2. exd5 Qxd5 3. Nc3 Qa5 4. Nf3 c6 5. d4 Nf6 6. Bc4 Bg4 7. h3 Bh5 8.
Bd2 e6 9. Qe2 Bb4 10. O-O-O Nbd7 11. g4 Bg6 12. h4 h5 13. g5 Nd5 14. Nxd5 Bxd2+
15. Qxd2 Qxd2+ 16. Kxd2 cxd5 17. Bb5 f6 18. gxf6 gxf6 19. Rhg1 Rg8 20. Rg3 Ke7
21. Rdg1 Bf7 22. Ne1 Rxg3 23. Rxg3 Nb6 24. Ng2 Rc8 25. b3 Rf8 26. Nf4 e5 27.
Ng6+ Bxg6 28. Rxg6 Kf7 29. Rg3 exd4 30. Be2 Rh8 31. Kd3 Nc8 32. Kxd4 Ne7 33.
Bd3 Ke6 34. Rg7 Kd6 35. Ke3 a5 36. Kf4 a4 37. bxa4 Ra8 38. Bb5 Rc8 39. Bd3 Ra8
40. Bb5 Rc8 1/2-1/2

[Event "5. Meisterturnier Recklinghausen"]
[Site "Recklinghausen"]
[Date "1998.07.29"]
[Round "5"]
[White "Alterman, Boris"]
[Black "Nenashev, Alexander"]
[Result "1/2-1/2"]
[WhiteElo "2600"]
[BlackElo "2625"]
[PlyCount "39"]
[EventDate "1998.07.25"]

1. d4 Nf6 2. c4 e6 3. Nc3 Bb4 4. Qc2 Nc6 5. Nf3 d6 6. Bd2 e5 7. d5 Bxc3 8. Bxc3
Ne7 9. e4 O-O 10. Be2 Ng6 11. g3 Bh3 12. Ng5 Bd7 13. h4 h6 14. Nf3 Bg4 15. Ng1
Re8 16. Bxg4 Nxg4 17. f3 Nf6 18. Ne2 c6 19. Qb3 Qc7 20. Bd2 1/2-1/2